| 000 | 00774nam a22001337a 4500 | ||
|---|---|---|---|
| 999 |
_c529887 _d529887 |
||
| 008 | 250513b ||||| |||| 00| 0 eng d | ||
| 100 |
_aNoronha, Ivo De _953022 |
||
| 245 | _a Confusion from cultural fusion: Embracing the significance of goa’s unique blend | ||
| 260 | _aIndian Journal of Public Administration | ||
| 300 | _a71(1), Mar, 2025: p.183-186 | ||
| 520 | _aAmidst the chaos and harm witnessed in various regions, the physical harm inflicted upon individuals and their property has been often emphasised by the media. However, one crucial aspect remains overlooked: the destruction of cultural heritages.- Reproduced https://journals.sagepub.com/doi/full/10.1177/00195561241284454 | ||
| 773 | _aIndian Journal of Public Administration | ||
| 942 | _cAR | ||